[Event "Montrevel en Bresse-Mundolsheim"]
[Site "Montrevel en Bresse"]
[Date "2007.11.25"]
[Round "3.8"]
[White "Sengsavath, Darouny"]
[Black "Damboise, Pierre Olivier"]
[Result "1/2-1/2"]
[WhiteElo "1700"]
[BlackElo "1935"]
[PlyCount "118"]
[EventDate "2007.11.25"]
[SourceDate "2007.10.27"]

1. d4 d5 2. c4 c6 3. cxd5 cxd5 4. Nc3 Nf6 5. Bg5 Nbd7 6. Nf3 e6 7. Qc2 Be7 8.
e3 O-O 9. Bd3 h6 10. Bh4 b6 11. O-O Bb7 12. Rfe1 Rc8 13. Rac1 Ne4 14. Bxe7 Qxe7
15. Nd2 f5 16. f3 Nxd2 17. Qxd2 Qg5 18. Nb5 Qe7 19. a3 a6 20. Nc3 Qg5 21. Rc2
Qf6 22. Rec1 e5 23. Nxd5 Qd6 24. Rxc8 Rxc8 25. Rxc8+ Bxc8 26. Bc4 Kh8 27. Nc3
b5 28. Bf1 Nb6 29. Qd1 exd4 30. Qxd4 Qxd4 31. exd4 Be6 32. Kf2 g5 33. Bd3 Kg7
34. Ke1 Kf6 35. Kd2 Bc4 36. Bc2 Bf1 37. g3 Nc4+ 38. Kc1 Ne3 39. Kd2 Nxc2 40.
Kxc2 Bc4 41. b3 Bf7 42. f4 Ke7 43. Nd1 Bd5 44. Ne3 Be4+ 45. Kc3 a5 46. a4 bxa4
47. bxa4 gxf4 48. gxf4 Kd7 49. Nc4 Ke6 50. Nxa5 Kd5 51. Nc4 Bf3 52. Ne5 Be2 53.
Nf7 h5 54. Nh6 Ke4 55. d5 Kxd5 56. Nxf5 Ba6 57. h4 Ke4 58. Ng3+ Kxf4 59. Nxh5+
Kg4 1/2-1/2

[Event "Grenoble-Strasbourg II"]
[Site "Montrevel en Bresse"]
[Date "2007.11.25"]
[Round "3.1"]
[White "Debray, Francois"]
[Black "Reinhart, Emmanuel"]
[Result "0-1"]
[WhiteElo "2157"]
[BlackElo "2295"]
[PlyCount "78"]
[EventDate "2007.11.25"]
[SourceDate "2007.10.27"]

1. e4 c6 2. d4 d5 3. f3 e6 4. Nc3 Bb4 5. Bf4 Nf6 6. Qd3 Qa5 7. Nge2 b6 8. Bd2
Qa6 9. Qe3 Qb7 10. Nf4 Be7 11. O-O-O Nbd7 12. g4 dxe4 13. g5 Nd5 14. Nfxd5 cxd5
15. fxe4 dxe4 16. Bg2 Qc7 17. Bxe4 Bb7 18. Rhf1 Bxe4 19. Qxe4 Rc8 20. Rde1 O-O
21. h4 b5 22. Qd3 b4 23. Nd5 exd5 24. Rxe7 Qd6 25. Rfe1 Nb6 26. Qb5 Nc4 27.
Qxb4 Qa6 28. a3 h6 29. Bc3 hxg5 30. hxg5 Qg6 31. Rxa7 Qxg5+ 32. Kb1 Rb8 33. Qe7
Qe3 34. Bb4 Qf2 35. Bc3 Rfc8 36. Qe2 Qe3 37. Qd3 Rxb2+ 38. Bxb2 Qxe1+ 39. Ka2
Rb8 0-1

[Event "Grenoble-Strasbourg II"]
[Site "Montrevel en Bresse"]
[Date "2007.11.25"]
[Round "3.2"]
[White "Schwicker, Francois"]
[Black "Forgues, Fabien"]
[Result "1/2-1/2"]
[WhiteElo "2226"]
[BlackElo "2125"]
[PlyCount "119"]
[EventDate "2007.11.25"]
[SourceDate "2007.10.27"]

1. e4 e5 2. Nf3 Nc6 3. Bb5 a6 4. Ba4 Nf6 5. d3 Bd6 6. Nbd2 b5 7. Bb3 O-O 8. Nf1
Na5 9. Ng3 Nxb3 10. axb3 Re8 11. O-O Bf8 12. h3 h6 13. Nh2 d5 14. Qe2 c6 15.
Rd1 Qc7 16. Qf3 Qd6 17. Be3 g6 18. Ng4 Nxg4 19. hxg4 d4 20. Bd2 Qd8 21. Nf1 Qh4
22. Nh2 Bg7 23. Rf1 c5 24. Qe2 Be6 25. f4 exf4 26. Rxf4 Qe7 27. Rf2 Rec8 28.
Qf3 Qh4 29. Bf4 c4 30. Bg3 Qe7 31. Bf4 cxb3 32. cxb3 Bxb3 33. Qg3 g5 34. Bd6
Qe6 35. Nf3 Re8 36. Nd2 Bc2 37. Bb4 Ba4 38. Raf1 Ra7 39. Rf5 Rd7 40. Qf2 Bc2
41. Qe2 Qa2 42. e5 Qxb2 43. Ne4 Rxe5 44. Nf6+ Bxf6 45. Rxe5 Bxe5 46. Qxe5 Qxb4
47. Qe8+ Qf8 48. Qxd7 Bxd3 49. Rf6 Bc4 50. Qxd4 Be6 51. Qb6 b4 52. Rf1 b3 53.
Rd1 Qg7 54. Rd8+ Kh7 55. Qxa6 Qc3 56. Qb7 Qe1+ 57. Kh2 Qh4+ 58. Kg1 Qe1+ 59.
Kh2 Qh4+ 60. Kg1 1/2-1/2

[Event "Grenoble-Strasbourg II"]
[Site "Montrevel en Bresse"]
[Date "2007.11.25"]
[Round "3.3"]
[White "Rodrigues, Emmanuel"]
[Black "Ricter, Jean Paul"]
[Result "1-0"]
[WhiteElo "2126"]
[BlackElo "2168"]
[PlyCount "151"]
[EventDate "2007.11.25"]
[SourceDate "2007.10.27"]

1. e4 d6 2. d4 Nf6 3. Nc3 Nbd7 4. g4 h6 5. h3 e5 6. Nge2 Be7 7. Bg2 Nh7 8. Nd5
Bg5 9. Ne3 O-O 10. O-O Re8 11. c3 Ndf8 12. f4 exf4 13. Nxf4 Bxf4 14. Rxf4 Ng6
15. Rf2 Ng5 16. Qd3 Nh4 17. Nf5 Nxg2 18. Bxg5 Qxg5 19. Kxg2 g6 20. Ng3 Re7 21.
Raf1 Bd7 22. Rf4 Rae8 23. Qf3 Rf8 24. Rh1 Qh4 25. Nf1 Re6 26. Nd2 Qe7 27. d5
Re5 28. Nc4 Kg7 29. Rf1 Bb5 30. Nxe5 dxe5 31. c4 Bxc4 32. Qc3 Bxf1+ 33. Rxf1
Rc8 34. Qb3 Rb8 35. Qc4 Qd6 36. b4 a6 37. Rc1 Rc8 38. Qc5 Qxc5 39. bxc5 Kf6 40.
a4 Ke7 41. a5 Kd7 42. Rb1 b5 43. cxb6 Rb8 44. Kf3 cxb6 45. Rxb6 Rxb6 46. axb6
a5 47. Ke3 a4 48. Kd3 f5 49. exf5 gxf5 50. gxf5 e4+ 51. Kxe4 a3 52. b7 Kc7 53.
f6 a2 54. f7 a1=Q 55. b8=Q+ Kxb8 56. f8=Q+ Kc7 57. Qe7+ Kb6 58. Qd6+ Kb5 59.
Qc6+ Kb4 60. Qb6+ Kc4 61. Qc6+ Kb4 62. Qxh6 Qh1+ 63. Ke5 Qa1+ 64. Kf5 Qb1+ 65.
Ke6 Qe1+ 66. Kd7 Qh1 67. Qe6 Kc5 68. d6 Qa1 69. Qe3+ Kd5 70. Qg5+ Ke4 71. Ke7
Qa3 72. Qg4+ Kd5 73. Qe6+ Kd4 74. Kf7 Kc5 75. d7 Qf3+ 76. Ke8 1-0

[Event "Grenoble-Strasbourg II"]
[Site "Montrevel en Bresse"]
[Date "2007.11.25"]
[Round "3.4"]
[White "Rocher, Olivier"]
[Black "Broca, Alexandre"]
[Result "0-1"]
[WhiteElo "2140"]
[BlackElo "2140"]
[PlyCount "88"]
[EventDate "2007.11.25"]
[SourceDate "2007.10.27"]

1. d4 d5 2. Nf3 c5 3. dxc5 Nf6 4. b4 a5 5. c3 g6 6. Bf4 Bg7 7. Bxb8 Rxb8 8. e3
O-O 9. a3 Qc7 10. Be2 Bf5 11. Nd4 Rfd8 12. O-O b6 13. cxb6 Rxb6 14. Qb3 Ng4 15.
Bxg4 Bxg4 16. Qa4 e5 17. Nb3 Bd7 18. Qxa5 Bb5 19. Rd1 Qb7 20. Nc5 Qc6 21. c4
Bxc4 22. e4 Ra8 23. exd5 Bxd5 24. Rxd5 Qxd5 25. Nc3 Qc6 26. Nd5 Rxa5 27. Ne7+
Kf8 28. Nxc6 Rxc5 29. bxc5 Rxc6 30. Rc1 Ke8 31. f3 Bf8 32. Rc2 Rxc5 33. Re2 Kd7
34. a4 Bd6 35. Rb2 Bc7 36. Kf2 Rc4 37. Ra2 Ba5 38. Ke3 f5 39. h3 Kd6 40. Kd3
Rc3+ 41. Ke2 h5 42. Rd2+ Ke6 43. Ra2 h4 44. Kf2 Kf6 0-1

[Event "Grenoble-Strasbourg II"]
[Site "Montrevel en Bresse"]
[Date "2007.11.25"]
[Round "3.5"]
[White "Mahon, Vivien"]
[Black "Zouhair, Issam"]
[Result "0-1"]
[WhiteElo "2004"]
[BlackElo "2062"]
[PlyCount "80"]
[EventDate "2007.11.25"]
[SourceDate "2007.10.27"]

1. c4 e5 2. Nc3 Nc6 3. Nf3 Nf6 4. e3 Bb4 5. Qc2 h6 6. Nd5 Be7 7. Be2 d6 8. O-O
Nxd5 9. cxd5 Nb8 10. d4 exd4 11. Nxd4 O-O 12. Bd2 Bf6 13. Bc3 Nd7 14. Rac1 Nb6
15. e4 Bd7 16. b3 Rc8 17. a4 c5 18. Nf3 Re8 19. Nd2 Bxc3 20. Qxc3 Nxd5 21. Qg3
Qf6 22. Nc4 Nf4 23. Bf3 Bc6 24. Rcd1 Rcd8 25. Rfe1 a6 26. e5 dxe5 27. Rxd8 Rxd8
28. h3 e4 29. Bxe4 Bxe4 30. Rxe4 g5 31. h4 Qf5 32. Re5 Qxe5 33. Nxe5 Ne2+ 34.
Kh2 Nxg3 35. Kxg3 f6 36. Nc4 Rd3+ 37. f3 Rxb3 38. Na5 Rb4 39. hxg5 hxg5 40. Kf2
Kf8 0-1

[Event "Grenoble-Strasbourg II"]
[Site "Montrevel en Bresse"]
[Date "2007.11.25"]
[Round "3.6"]
[White "Ouadi, Ali"]
[Black "Calin, Miguel"]
[Result "0-1"]
[WhiteElo "1937"]
[BlackElo "2012"]
[PlyCount "80"]
[EventDate "2007.11.25"]
[SourceDate "2007.10.27"]

1. d4 Nf6 2. c4 c5 3. d5 b5 4. cxb5 a6 5. b6 Qxb6 6. Nc3 g6 7. e4 d6 8. Nf3 Bg7
9. Be2 O-O 10. O-O Nbd7 11. Nd2 Ne5 12. Qc2 Bd7 13. a4 Rfc8 14. a5 Qa7 15. Kh1
c4 16. h3 Rc5 17. f4 Nd3 18. Bxd3 cxd3 19. Qxd3 Qc7 20. Nb3 Rc4 21. Be3 Nh5 22.
Bb6 Qc8 23. Rac1 Bxc3 24. bxc3 Rxe4 25. Rf3 Qc4 26. Qxc4 Rxc4 27. Bd4 Rb8 28.
Nd2 Ra4 29. g4 Ng7 30. Bb6 e6 31. c4 Rc8 32. dxe6 Nxe6 33. Rd3 Bc6+ 34. Kh2
Nxf4 35. Rxd6 Ne6 36. Kg3 Ra3+ 37. Kh2 Nf4 38. Rf6 Rxh3+ 39. Kg1 Rh1+ 40. Kf2
Nd3+ 0-1

[Event "Grenoble-Strasbourg II"]
[Site "Montrevel en Bresse"]
[Date "2007.11.25"]
[Round "3.7"]
[White "Prost, Frederic"]
[Black "Roos, Louise"]
[Result "1-0"]
[WhiteElo "2099"]
[BlackElo "1926"]
[PlyCount "59"]
[EventDate "2007.11.25"]
[SourceDate "2007.10.27"]

1. e4 c5 2. Nf3 d6 3. d4 cxd4 4. Qxd4 Nc6 5. Bb5 Bd7 6. Bxc6 Bxc6 7. Nc3 e5 8.
Qd3 Nf6 9. Bg5 Be7 10. Bxf6 Bxf6 11. O-O-O Be7 12. Kb1 Qd7 13. Rhe1 O-O-O 14.
Qe3 Kb8 15. Nxe5 Qe8 16. Nxc6+ Qxc6 17. Nd5 Rhe8 18. Qd4 Bf8 19. Re3 Qc5 20.
Qa4 f5 21. exf5 Re5 22. Rxe5 dxe5 23. Qe4 Qxf2 24. a3 Bd6 25. h3 Qc5 26. Ne3
Be7 27. Nd5 Bd6 28. Rd3 Rc8 29. Ne3 Qb5 30. Rxd6 1-0

[Event "Grenoble-Strasbourg II"]
[Site "Montrevel en Bresse"]
[Date "2007.11.25"]
[Round "3.8"]
[White "Mametov, Bakhitiar"]
[Black "Hourlier, Claire"]
[Result "1-0"]
[WhiteElo "1810"]
[BlackElo "1895"]
[PlyCount "51"]
[EventDate "2007.11.25"]
[SourceDate "2007.10.27"]

1. Nf3 c5 2. g3 Nc6 3. Bg2 g6 4. b3 Bg7 5. Nc3 d5 6. Bb2 e6 7. O-O Nge7 8. Qc1
O-O 9. Na4 Nd4 10. Nc3 Bd7 11. e3 Ndf5 12. Ne2 Bb5 13. Bxg7 Nxg7 14. c4 Ba6 15.
Re1 Rc8 16. d3 Ne8 17. Qb2 Nd6 18. Ne5 Nc6 19. Ng4 d4 20. exd4 f6 21. Nf4 Nxd4
22. Nxe6 Qd7 23. Bd5 Kh8 24. Nxd4 Qxg4 25. Ne6 Rfe8 26. Qxf6+ 1-0

[Event "Vandoeuvre II-Saverne"]
[Site "Metz"]
[Date "2007.11.25"]
[Round "3.1"]
[White "Henrichs, Thomas"]
[Black "Uwira, Oliver"]
[Result "0-1"]
[WhiteElo "2498"]
[BlackElo "2293"]
[PlyCount "86"]
[EventDate "2007.11.25"]
[SourceDate "2007.10.27"]

1. d4 d5 2. c4 Nc6 3. Nf3 Bg4 4. Nc3 e6 5. cxd5 exd5 6. Bf4 Bb4 7. e3 Nge7 8.
Be2 O-O 9. O-O Ng6 10. Bg3 Nce7 11. Qb3 Bd6 12. Nxd5 Nxd5 13. Qxd5 Bxg3 14.
Qxd8 Bxf2+ 15. Kxf2 Raxd8 16. Rfc1 Rd7 17. Rc5 Re8 18. Rac1 c6 19. h3 Be6 20.
Ne5 Nxe5 21. Rxe5 Kf8 22. b4 f6 23. Ra5 b6 24. Ra3 Rc7 25. Bf3 Rec8 26. Rac3
Bxa2 27. d5 c5 28. Ra1 Bxd5 29. Bxd5 cxb4 30. Rd3 Rc2+ 31. Kf3 a5 32. Be4 Rc1
33. Rxc1 Rxc1 34. Rd8+ Ke7 35. Rb8 f5 36. Rb7+ Kd6 37. Bd3 Kc6 38. Rb8 Kc7 39.
Re8 b3 40. Re5 a4 41. Re7+ Kb8 42. Re8+ Kb7 43. Re7+ Rc7 0-1

[Event "Vandoeuvre II-Saverne"]
[Site "Metz"]
[Date "2007.11.25"]
[Round "3.2"]
[White "Schlupp, Olivier"]
[Black "Henris, Luc"]
[Result "0-1"]
[WhiteElo "2135"]
[BlackElo "2287"]
[PlyCount "121"]
[EventDate "2007.11.25"]
[SourceDate "2007.10.27"]

1. e4 e5 2. Nf3 d6 3. d4 exd4 4. Nxd4 Nf6 5. Nc3 Be7 6. Bc4 O-O 7. O-O c6 8. a4
Re8 9. h3 Bf8 10. Re1 a5 11. b3 Nbd7 12. Ba3 Ne5 13. Bf1 Ng6 14. Qd2 Qb6 15.
Rad1 Bd7 16. Nf3 Rad8 17. Qd4 c5 18. Qd2 Bc6 19. Bc4 Ne5 20. Nxe5 dxe5 21. Qe3
Rd4 22. Nd5 Nxd5 23. exd5 Bxa4 24. Rb1 Bd7 25. Bb2 Qg6 26. Bxd4 cxd4 27. Qg3
Qxc2 28. Rbc1 Qf5 29. Be2 e4 30. Rc7 Qxd5 31. Bc4 Qf5 32. Qg4 Qxg4 33. hxg4 Re7
34. Rxe4 Rxe4 35. Rxd7 Re7 36. Rxd4 g6 37. Rd5 b6 38. Rd8 Kg7 39. Kf1 Rc7 40.
Ra8 Bc5 41. Ke2 h6 42. f4 Re7+ 43. Kd3 Re3+ 44. Kd2 Re7 45. f5 Kf6 46. fxg6
fxg6 47. Rf8+ Kg5 48. Rg8 Bb4+ 49. Kc2 Rc7 50. Kd3 Rc6 51. Bf7 Rf6 52. Be8 b5
53. Bxb5 Kxg4 54. Bc4 Rd6+ 55. Ke2 Kg3 56. Bd3 Re6+ 57. Kd1 g5 58. Be2 Rd6+ 59.
Kc1 Kxg2 60. Rg7 Kg3 61. Rg8 {suite illisible} 0-1

[Event "Vandoeuvre II-Saverne"]
[Site "Metz"]
[Date "2007.11.24"]
[Round "3.3"]
[White "Gengler, Pierre"]
[Black "Kropp, Volker"]
[Result "1-0"]
[WhiteElo "2195"]
[BlackElo "2112"]
[PlyCount "83"]
[EventDate "2007.11.25"]
[SourceDate "2007.10.27"]

1. e4 c5 2. Nf3 Nc6 3. d4 cxd4 4. Nxd4 Nf6 5. Nc3 e5 6. Ndb5 d6 7. Bg5 a6 8.
Na3 b5 9. Nd5 Be7 10. Bxf6 Bxf6 11. c3 Bg5 12. Nc2 Ne7 13. a4 bxa4 14. Ncb4
Nxd5 15. Qxd5 Be6 16. Qc6+ Kf8 17. Bxa6 g6 18. O-O Kg7 19. Rfd1 Be7 20. Qxa4
Rf8 21. Qc2 Qb6 22. Bd3 Rxa1 23. Rxa1 f5 24. Ra6 Qc5 25. Nc6 fxe4 26. Bxe4 Bg5
27. b4 Qc4 28. Bd3 Qf4 29. g3 Qf6 30. c4 e4 31. Bxe4 Be3 32. Ra2 Bxc4 33. Qxc4
Bxf2+ 34. Kg2 Bb6 35. Qe2 Re8 36. Qf3 Qe6 37. Bd5 Qe1 38. Qf7+ Kh6 39. Nd4 Bxd4
40. Qf4+ g5 41. Qxd4 Re5 42. Bf3 1-0

[Event "Vandoeuvre II-Saverne"]
[Site "Metz"]
[Date "2007.11.24"]
[Round "3.4"]
[White "Ruffenach, Alain"]
[Black "Iglesias, Joachim"]
[Result "0-1"]
[WhiteElo "2069"]
[BlackElo "2127"]
[PlyCount "84"]
[EventDate "2007.11.25"]
[SourceDate "2007.10.27"]

1. d4 d5 2. Nf3 Nc6 3. e3 Bg4 4. Be2 Nf6 5. Nbd2 e6 6. Ne5 Bxe2 7. Qxe2 Nxe5 8.
dxe5 Nd7 9. f4 Qh4+ 10. g3 Qh3 11. Nf3 f6 12. exf6 gxf6 13. Bd2 O-O-O 14. O-O-O
Nc5 15. Bb4 Ne4 16. Bxf8 Rhxf8 17. Nd2 Nxd2 18. Rxd2 Qf5 19. Rhd1 Rd6 20. e4
Qxe4 21. Qxe4 dxe4 22. Rxd6 cxd6 23. Rxd6 Re8 24. Rd4 f5 25. Rc4+ Kd7 26. Rb4
Kc6 27. Ra4 Rd8 28. Ra3 Rd6 29. Re3 h5 30. h3 e5 31. fxe5 Rg6 32. Rb3 Kd5 33.
Rb5+ Ke6 34. Rb3 Kxe5 35. h4 a6 36. Kd1 b5 37. Ke2 f4 38. Kf2 e3+ 39. Ke2 Rxg3
40. Rb4 Rg2+ 41. Kd3 Rd2+ 42. Kc3 Rd5 0-1

[Event "Vandoeuvre II-Saverne"]
[Site "Metz"]
[Date "2007.11.25"]
[Round "3.5"]
[White "Klipper, Rebecca"]
[Black "Brolly, Pierre Louis"]
[Result "1/2-1/2"]
[WhiteElo "2069"]
[BlackElo "1980"]
[PlyCount "52"]
[EventDate "2007.11.25"]
[SourceDate "2007.10.27"]

1. Nf3 Nf6 2. d4 e6 3. e3 d5 4. Bd3 Nbd7 5. Nbd2 Be7 6. O-O O-O 7. Qe2 c5 8. c3
b6 9. e4 dxe4 10. Nxe4 Bb7 11. Nxf6+ Bxf6 12. Be4 Bxe4 13. Qxe4 cxd4 14. cxd4
Be7 15. Ne5 Nf6 16. Qb7 Nd5 17. Be3 Qc8 18. Qxc8 Rfxc8 19. Rfc1 Bd6 20. Nd3 Kf8
21. h3 Ke7 22. Kf1 Kd7 23. Ke2 Nb4 24. Nxb4 Bxb4 25. Kd3 Be7 26. g4 g6 1/2-1/2

[Event "Vandoeuvre II-Saverne"]
[Site "Metz"]
[Date "2007.11.24"]
[Round "3.6"]
[White "Schneider, Vincent"]
[Black "Vigneron, Jean"]
[Result "1-0"]
[WhiteElo "1973"]
[BlackElo "1940"]
[PlyCount "43"]
[EventDate "2007.11.25"]
[SourceDate "2007.10.27"]

1. e4 d5 2. exd5 Qxd5 3. Nc3 Qa5 4. d4 Nf6 5. Nf3 c6 6. Bd2 Bf5 7. Bc4 e6 8. d5
Qc5 9. dxc6 Nxc6 10. Qe2 Bg4 11. Bb5 Qh5 12. O-O-O Be7 13. Bxc6+ bxc6 14. Qa6
Bxf3 15. Qb7 Rd8 16. gxf3 Qxf3 17. Be3 Bd6 18. Nb5 Be7 19. Rxd8+ Kxd8 20. Qb8+
Kd7 21. Qxa7+ Kd8 22. Bb6+ 1-0

[Event "Vandoeuvre II-Saverne"]
[Site "Metz"]
[Date "2007.11.25"]
[Round "3.7"]
[White "Perot, Gerard"]
[Black "Kuchly, Sylvain"]
[Result "1/2-1/2"]
[WhiteElo "1960"]
[BlackElo "1710"]
[PlyCount "61"]
[EventDate "2007.11.25"]
[SourceDate "2007.10.27"]

1. d4 Nf6 2. c4 e5 3. dxe5 Ng4 4. Nf3 Nc6 5. Bf4 Bb4+ 6. Nbd2 Qe7 7. a3 Ngxe5
8. Nxe5 Bxd2+ 9. Qxd2 Nxe5 10. e3 d6 11. Be2 Be6 12. Rc1 O-O-O 13. O-O g5 14.
Bxe5 dxe5 15. Qa5 Kb8 16. Qxe5 h5 17. c5 f6 18. Qc3 g4 19. Rfd1 h4 20. Rd4 g3
21. Bf3 gxf2+ 22. Kxf2 h3 23. Qb4 Bc8 24. g3 Rhe8 25. Rc3 a5 26. Qc4 Rxd4 27.
Qxd4 Rd8 28. Qe4 Rd2+ 29. Kg1 Rd1+ 30. Kf2 Rd2+ 31. Kg1 1/2-1/2

[Event "Vandoeuvre II-Saverne"]
[Site "Metz"]
[Date "2007.11.25"]
[Round "3.8"]
[White "Kuchly, Audrey"]
[Black "Malik, Timour"]
[Result "0-1"]
[WhiteElo "1560"]
[BlackElo "1850"]
[PlyCount "82"]
[EventDate "2007.11.25"]
[SourceDate "2007.10.27"]

1. e4 e6 2. d4 d5 3. exd5 exd5 4. Bd3 c5 5. c3 Nc6 6. Nf3 Bg4 7. Bb5 Nf6 8.
Qe2+ Be7 9. h3 Bxf3 10. Qxf3 cxd4 11. Bxc6+ bxc6 12. cxd4 Qb6 13. Qe3 O-O 14.
O-O Rfe8 15. Qd3 c5 16. b3 Rac8 17. Be3 c4 18. Qc2 Ne4 19. Rd1 Bf6 20. Na3 Qb4
21. Qb2 c3 22. Qc1 Rc6 23. Nc2 Qb6 24. Rd3 Rec8 25. Qe1 Re6 26. Qd1 Qb5 27. Na3
Qa6 28. Nc2 Nd2 29. Nb4 Qb5 30. Bxd2 Qxb4 31. Be3 c2 32. Qc1 Re4 33. Bd2 Qb5
34. Rc3 Rxc3 35. Bxc3 Qd3 36. Qd2 Qxd2 37. Bxd2 Rxd4 38. Re1 h6 39. Re8+ Kh7
40. Re2 Rxd2 41. Rxd2 c1=Q+ 0-1

[Event "Metz Fischer II-Besancon TPG II"]
[Site "Metz"]
[Date "2007.11.25"]
[Round "3.1"]
[White "Cekro, Ekrem"]
[Black "Naudier, Serge"]
[Result "1-0"]
[WhiteElo "2433"]
[BlackElo "2266"]
[PlyCount "69"]
[EventDate "2007.11.25"]
[SourceDate "2007.10.27"]

1. c4 e6 2. g3 d5 3. Bg2 c5 4. Nf3 Nc6 5. O-O dxc4 6. Na3 Nf6 7. Nxc4 Be7 8. b3
Nd5 9. Bb2 O-O 10. e4 Ndb4 11. d4 cxd4 12. a3 b5 13. Nce5 Nxe5 14. Nxe5 Qc7 15.
Bxd4 Bd6 16. Rc1 Qb8 17. Qh5 f6 18. axb4 fxe5 19. Bc5 a5 20. Rfd1 Bxc5 21. bxc5
a4 22. b4 a3 23. Qe2 Ra4 24. Qd2 Bb7 25. c6 Bc8 26. Rc5 Qc7 27. Bf1 a2 28. Ra1
Rd8 29. Qc2 Rd4 30. Rxa2 Rdxb4 31. Rxb5 Rxa2 32. Qxa2 Rxe4 33. Qa8 Rd4 34. Rb7
Qd8 35. Rb8 1-0

[Event "Metz Fischer II-Besancon TPG II"]
[Site "Metz"]
[Date "2007.11.25"]
[Round "3.2"]
[White "Bonneville, Jean Paul"]
[Black "Gladyszev, Oleg"]
[Result "1/2-1/2"]
[WhiteElo "2208"]
[BlackElo "2472"]
[PlyCount "111"]
[EventDate "2007.11.25"]
[SourceDate "2007.10.27"]

1. d4 Nf6 2. c4 g6 3. Nc3 Bg7 4. e4 d6 5. Nf3 O-O 6. Be2 Na6 7. O-O e5 8. Be3
Ng4 9. Bg5 Qe8 10. dxe5 dxe5 11. h3 h6 12. Bd2 Nf6 13. Be3 Qe7 14. Nd5 Qd8 15.
Nxf6+ Qxf6 16. c5 Nb8 17. Qc1 Kh7 18. Rd1 Nc6 19. a3 Qe7 20. b4 a6 21. Bc4 f5
22. Bd5 f4 23. Bd2 g5 24. Bc3 g4 25. hxg4 Bxg4 26. Rd3 Rae8 27. Rb1 Nd8 28. Qb2
c6 29. Bc4 Nf7 30. Rbd1 Ng5 31. Nxg5+ hxg5 32. f3 Bc8 33. Qe2 Bf6 34. Bb3 Kg7
35. g3 Rh8 36. gxf4 gxf4 37. Qg2+ Kf8 38. Rd6 Qg7 39. Qxg7+ Kxg7 40. R1d2 Bh3
41. Rh2 Rh5 42. Rd7+ Bxd7 43. Rxh5 Rh8 44. Rxh8 Kxh8 45. Kf2 Kg7 46. Ke2 Kg6
47. a4 Bg7 48. Bc4 Kf6 49. Kd3 Bf8 50. Be1 Bh6 51. Bh4+ Bg5 52. Bf2 Ke7 53. Be1
Bf6 54. Ke2 Kd8 55. Bc3 Kc7 56. Ba1 1/2-1/2

[Event "Metz Fischer II-Besancon TPG II"]
[Site "Metz"]
[Date "2007.11.25"]
[Round "3.3"]
[White "Taddei, Benoit"]
[Black "Pellaton, Bernard"]
[Result "1-0"]
[WhiteElo "2257"]
[BlackElo "2066"]
[PlyCount "67"]
[EventDate "2007.11.25"]
[SourceDate "2007.10.27"]

1. e4 c5 2. Nf3 Nc6 3. d4 cxd4 4. Nxd4 e5 5. Ne2 Nf6 6. Nbc3 Be7 7. g3 d6 8.
Bg2 Be6 9. O-O Qd7 10. Bg5 h6 11. Bxf6 Bxf6 12. Nd5 Bxd5 13. Qxd5 O-O 14. c3
Ne7 15. Qd3 Rfd8 16. Rad1 Qa4 17. a3 Qb3 18. Rd2 a6 19. Rfd1 Bg5 20. f4 Qb6+
21. Kh1 Bf6 22. Ng1 Ng6 23. f5 Ne7 24. h4 Rac8 25. Qf3 Rc4 26. Nh3 Nc8 27. Nf2
d5 28. Qe2 Rc7 29. Rxd5 Rxd5 30. Rxd5 Rc5 31. Rd1 Rc6 32. Ng4 Be7 33. Nxe5 Rd6
34. Rf1 1-0

[Event "Metz Fischer II-Besancon TPG II"]
[Site "Metz"]
[Date "2007.11.25"]
[Round "3.4"]
[White "Poignot, Quentin"]
[Black "Carrillo, Jesus"]
[Result "0-1"]
[WhiteElo "2022"]
[BlackElo "2162"]
[PlyCount "62"]
[EventDate "2007.11.25"]
[SourceDate "2007.10.27"]

1. e4 c5 2. Nf3 d6 3. d4 cxd4 4. Nxd4 Nf6 5. Nc3 a6 6. Bg5 e6 7. f4 Be7 8. Qf3
Qc7 9. O-O-O h6 10. Bh4 Nbd7 11. Bd3 g5 12. fxg5 Ne5 13. Qe2 Nfg4 14. Nf3 hxg5
15. Bxg5 Bxg5+ 16. Nxg5 Qc5 17. Nh3 b5 18. Qd2 b4 19. Ne2 Bb7 20. Nd4 O-O-O 21.
Nb3 Qb6 22. Qe2 Kb8 23. Kb1 Rc8 24. Nd2 Rc7 25. Nf3 Rhc8 26. Nxe5 Nxe5 27. Rc1
Qa5 28. Ng1 d5 29. exd5 Bxd5 30. b3 Nxd3 31. Qxd3 Bxg2 0-1

[Event "Metz Fischer II-Besancon TPG II"]
[Site "Metz"]
[Date "2007.11.25"]
[Round "3.6"]
[White "Lozac'hmeur, Yann"]
[Black "Joly, Laurent"]
[Result "0-1"]
[WhiteElo "2052"]
[BlackElo "2026"]
[PlyCount "74"]
[EventDate "2007.11.25"]
[SourceDate "2007.10.27"]

1. d4 Nf6 2. c4 c5 3. e3 cxd4 4. exd4 g6 5. Nf3 Bg7 6. Nc3 O-O 7. Bd3 d5 8. O-O
Nc6 9. h3 Nb4 10. Be2 Bf5 11. Bg5 Ne4 12. Be3 dxc4 13. Bxc4 Rc8 14. Qb3 Nc6 15.
Be2 Na5 16. Qa3 Nxc3 17. bxc3 a6 18. Bf4 b5 19. Ne5 Be6 20. Rac1 Re8 21. Bf3
Qb6 22. Rfe1 Nc4 23. Nxc4 Rxc4 24. d5 Bxd5 25. Bxd5 Rxf4 26. Rxe7 Rxe7 27. Qxe7
Rxf2 28. Kh1 Qb8 29. Qc5 Qf4 30. Qc8+ Bf8 31. Rg1 Kg7 32. g3 Qd2 33. Bg2 Bd6
34. Qg4 Qxc3 35. Bd5 h5 36. Qh4 Qd2 37. Rg2 Qxd5 0-1

[Event "Metz Fischer II-Besancon TPG II"]
[Site "Metz"]
[Date "2007.11.25"]
[Round "3.7"]
[White "Hartmann, Dominique"]
[Black "Coulon, Maxcellend"]
[Result "1-0"]
[WhiteElo "1952"]
[BlackElo "2058"]
[PlyCount "105"]
[EventDate "2007.11.25"]
[SourceDate "2007.10.27"]

1. d4 d5 2. Bf4 Nf6 3. e3 e6 4. Nf3 Be7 5. Bd3 Nbd7 6. Nbd2 c6 7. h3 Qb6 8. Rb1
c5 9. c3 Qa5 10. a3 c4 11. Bc2 b5 12. e4 Bb7 13. e5 Nh5 14. Bh2 g6 15. O-O Ng7
16. Qe2 Qc7 17. Bf4 h6 18. Rfe1 g5 19. Bh2 Nf8 20. Nf1 Bc6 21. Ne3 h5 22. Nd2
Ng6 23. g3 O-O 24. Rf1 Qd7 25. Ng2 a5 26. f4 b4 27. axb4 axb4 28. fxg5 bxc3 29.
bxc3 Bxg5 30. Nf3 Be7 31. Bxg6 fxg6 32. Nfh4 Kh7 33. g4 Bg5 34. Qc2 Rxf1+ 35.
Rxf1 Qe8 36. Bf4 Ba4 37. Qc1 Bxh4 38. Nxh4 Qb8 39. Bh6 Be8 40. Bxg7 Kxg7 41.
gxh5 Ra7 42. Qg5 Kg8 43. Nxg6 Bxg6 44. hxg6 Ra2 45. Qf6 Qe8 46. h4 Rc2 47. Rf3
Rc1+ 48. Kg2 Rc2+ 49. Kg3 Rc1 50. Kg4 Rg1+ 51. Kh5 Rh1 52. Kg5 Rg1+ 53. Kh6 1-0

[Event "Metz Fischer II-Besancon TPG II"]
[Site "Metz"]
[Date "2007.11.25"]
[Round "3.8"]
[White "Lamotte, Gaelle"]
[Black "Lupfer, Anny"]
[Result "1/2-1/2"]
[WhiteElo "1919"]
[BlackElo "1744"]
[PlyCount "90"]
[EventDate "2007.11.25"]
[SourceDate "2007.10.27"]

1. e4 c6 2. d4 d5 3. e5 Bf5 4. c4 e6 5. Nc3 Bb4 6. Qb3 Bxc3+ 7. bxc3 Qb6 8. Nf3
Nd7 9. Ba3 Rc8 10. c5 Qc7 11. Nh4 Ne7 12. Nxf5 Nxf5 13. Bd3 Nh4 14. O-O Ng6 15.
f4 O-O 16. Qc2 f5 17. Rf3 Rf7 18. Raf1 b6 19. cxb6 axb6 20. Rh3 Qa7 21. Bd6 c5
22. Qe2 Ngf8 23. Rh4 cxd4 24. cxd4 b5 25. Qb2 Ra8 26. a3 Qb6 27. g4 g6 28. Kh1
Qd8 29. Qf2 Nb6 30. gxf5 exf5 31. Bxb5 Nc4 32. Bc6 Ra5 33. Bb4 Ra6 34. Bb5 Rb6
35. a4 Ne6 36. Rh3 Qa8 37. Qg2 Rc7 38. Rd3 Rb8 39. Qf2 Rbc8 40. Rg1 Nb6 41. Rd2
Nxa4 42. Ra2 Qb7 43. Bxa4 Qxb4 44. Rd1 Rc1 45. Qf3 Rxd1+ 1/2-1/2

[Event "Bischwiller II-Epinal"]
[Site "Metz"]
[Date "2007.11.25"]
[Round "3.1"]
[White "Lutz, Eric"]
[Black "Bakalarz, Mietek"]
[Result "1-0"]
[WhiteElo "2209"]
[BlackElo "2342"]
[PlyCount "61"]
[EventDate "2007.11.25"]
[SourceDate "2007.10.27"]

1. d4 Nf6 2. c3 g6 3. Bg5 Bg7 4. Nd2 d6 5. e3 Nbd7 6. Bd3 h6 7. Bxf6 Nxf6 8.
Qc2 e5 9. Ne2 O-O 10. h3 Qe7 11. g4 d5 12. dxe5 Qxe5 13. O-O-O c5 14. Nf4 Rb8
15. Nf3 Qe7 16. g5 hxg5 17. Nxg5 b5 18. Bxg6 fxg6 19. Nxg6 Qd7 20. Rxd5 Qb7 21.
Rhd1 Re8 22. Rxc5 b4 23. Qb3+ Be6 24. Nxe6 bxc3 25. Nxg7+ Qxb3 26. axb3 cxb2+
27. Kxb2 Kxg7 28. Nf4 Re7 29. Rdc1 Ne4 30. Rg1+ Kf8 31. Ng6+ 1-0